000 00459cam a2200181ua 4500
001 3522
008 111121n ii |||gr||||Z||||||asm
040 _cMAIN
082 _a891.451
100 _aDibrugarh University,
_eAuthor.
245 1 1 _aAsamiya Kotha chayan
_cby
250 _a1st.
260 _aGuwahati:
_bUniversity co-ordinator committee.
300 _a313p:
_c23cm.
653 _aAssamese literature
653 _aAsamiya Kotha chayan
942 _cBK
999 _c3363
_d3363